[Event "Internationaal Jeugdtoernooi Limburg 6"]
[Site "Venlo"]
[Date "2000.07.06"]
[Round "2"]
[White "Koster, Ramon"]
[Black "Wirig, Anthony"]
[Result "1/2-1/2"]
[WhiteElo "2106"]
[BlackElo "2221"]
[PlyCount "119"]
[EventDate "2000.07.06"]
[EventType "swiss"]
[EventRounds "7"]
[EventCountry "NED"]
[Source "P.Boonen"]
[SourceDate "2009.01.01"]

1. Nf3 c5 2. g3 Nf6 3. Bg2 g6 4. c4 Bg7 5. Nc3 Nc6 6. d4 cxd4 7. Nxd4 O-O 8.
O-O d6 9. Nxc6 bxc6 10. Bxc6 Rb8 11. Bg2 Qa5 12. Qa4 Qxa4 13. Nxa4 Bd7 14. Nc3
Rfc8 15. b3 d5 16. Bf4 dxc4 17. Bxb8 Rxb8 18. bxc4 Be6 19. c5 Nd7 20. Rac1 Nxc5
21. Nd5 Bxd5 22. Bxd5 Rc8 23. Rc4 e6 24. Rfc1 Bf8 25. Bf3 Rc7 26. R1c3 Kg7 27.
Ra3 h6 28. Ra5 Kf6 29. Rb4 Be7 30. Rb8 h5 31. Ra8 a6 32. Rb8 Kg7 33. e3 h4 34.
Be2 Ne4 35. Rb1 h3 36. Bf1 Nd2 37. Rd1 Nf3+ 38. Kh1 Rc2 39. Bxh3 Rxf2 40. Bg2
Ng5 41. Rxa6 Re2 42. e4 e5 43. Ra8 Bc5 44. a4 Ne6 45. Bf1 Rxe4 46. Ra1 Bd4 47.
Ra2 Re1 48. Kg2 f5 49. Re2 Ra1 50. Ra6 Nc5 51. Rc6 Ne4 52. Rec2 Rxa4 53. Bd3
Nf6 54. Rc7+ Kh6 55. R2c4 Ra2+ 56. Rc2 Ra3 57. Rd2 Ng4 58. Kf3 Ra1 59. Re2 Rg1
60. Rc6 1/2-1/2

[Event "Internationaal Jeugdtoernooi Limburg 6"]
[Site "Venlo"]
[Date "2000.07.06"]
[Round "2"]
[White "L'Ami, Erwin"]
[Black "Hendriks, Victor"]
[Result "1-0"]
[WhiteElo "2189"]
[BlackElo "1961"]
[PlyCount "69"]
[EventDate "2000.07.06"]
[EventType "swiss"]
[EventRounds "7"]
[EventCountry "NED"]
[Source "P.Boonen"]
[SourceDate "2009.01.01"]

1. e4 g6 2. d4 Bg7 3. Nc3 d5 4. exd5 Nf6 5. Bb5+ Nbd7 6. Nf3 O-O 7. O-O Nb6 8.
Bg5 Nbxd5 9. Nxd5 Nxd5 10. Qd2 c6 11. Bd3 Re8 12. Rfe1 Qc7 13. h3 b6 14. Bh6
Bh8 15. Ne5 Bb7 16. Qe2 e6 17. Rad1 Rad8 18. c4 Nf6 19. Bc2 Nd7 20. Bg5 f6 21.
Nxd7 Qxd7 22. Bf4 Re7 23. c5 Bg7 24. Bb3 Bc8 25. Bd6 Ree8 26. Qf3 Qb7 27. Rd3
Bd7 28. Rde3 Qc8 29. Qe2 Kf7 30. g4 g5 31. Qd3 Rh8 32. Rxe6 Bxe6 33. Bxe6+ Qxe6
34. Rxe6 Kxe6 35. Qb3+ 1-0

[Event "Internationaal Jeugdtoernooi Limburg 6"]
[Site "Venlo"]
[Date "2000.07.06"]
[Round "2"]
[White "Nabuurs, Joep"]
[Black "Tan, Matthew"]
[Result "0-1"]
[WhiteElo "1526"]
[BlackElo "1800"]
[PlyCount "48"]
[EventDate "2000.07.06"]
[EventType "swiss"]
[EventRounds "7"]
[EventCountry "NED"]
[Source "P.Boonen"]
[SourceDate "2009.01.01"]

1. e4 c5 2. Nf3 d6 3. d4 cxd4 4. Nxd4 Nf6 5. Nc3 g6 6. Be3 Bg7 7. f3 O-O 8. Bc4
Nc6 9. Qd2 Bd7 10. O-O-O Rc8 11. Bb3 Ne5 12. h4 Nc4 13. Bxc4 Rxc4 14. g4 h5 15.
gxh5 Nxh5 16. Nde2 Qa5 17. Bh6 Rfc8 18. Bxg7 Kxg7 19. Rhg1 R8c5 20. Nd4 Rxc3
21. bxc3 Qa3+ 22. Kb1 Ra5 23. Nb3 Qxa2+ 24. Kc1 Qa3+ 0-1

[Event "Internationaal Jeugdtoernooi Limburg 6"]
[Site "Venlo"]
[Date "2000.07.06"]
[Round "2"]
[White "Plukkel, Sjoerd"]
[Black "Bensdorp, Laura"]
[Result "1-0"]
[WhiteElo "1976"]
[BlackElo "1674"]
[PlyCount "33"]
[EventDate "2000.07.06"]
[EventType "swiss"]
[EventRounds "7"]
[EventCountry "NED"]
[Source "P.Boonen"]
[SourceDate "2009.01.01"]

1. e4 d6 2. d4 Nf6 3. Nc3 Nbd7 4. f4 e5 5. Nf3 exd4 6. Qxd4 c6 7. Bc4 d5 8.
exd5 Bc5 9. Qd3 O-O 10. Bd2 Re8+ 11. Ne2 Ng4 12. Ng5 Ndf6 13. dxc6 Bf2+ 14. Kf1
Qxd3 15. cxd3 Re7 16. Bb4 Rc7 17. h3 1-0

[Event "Internationaal Jeugdtoernooi Limburg 6"]
[Site "Venlo"]
[Date "2000.07.06"]
[Round "2"]
[White "Remmel, Tim"]
[Black "Van Otten, Gerard J"]
[Result "1-0"]
[WhiteElo "2126"]
[BlackElo "1940"]
[PlyCount "112"]
[EventDate "2000.07.06"]
[EventType "swiss"]
[EventRounds "7"]
[EventCountry "NED"]
[Source "P.Boonen"]
[SourceDate "2009.01.01"]

1. c4 c5 2. Nc3 Nf6 3. Nf3 Nc6 4. d4 cxd4 5. Nxd4 g6 6. e4 d6 7. Be2 Bg7 8. Be3
Nxd4 9. Bxd4 O-O 10. O-O Be6 11. Qd2 Qa5 12. Rfd1 Rfc8 13. b3 Qd8 14. Rac1 a6
15. f3 Nd7 16. Be3 Rab8 17. g4 Qa5 18. Kg2 Ne5 19. h3 Nc6 20. f4 Re8 21. Nd5
Qd8 22. Bb6 Qc8 23. b4 Nd8 24. Ba7 Nc6 25. Bxb8 Qxb8 26. b5 Nd8 27. b6 Bd7 28.
Nc7 Rf8 29. Bf3 Ba4 30. Re1 Bc6 31. Qa5 Qc8 32. c5 dxc5 33. Qxc5 Ne6 34. Nxe6
Qxe6 35. Re2 Rd8 36. Rce1 Bd4 37. Qb4 Qf6 38. Kg3 Bb5 39. Rd2 Bxb6 40. e5 Qe6
41. Rxd8+ Bxd8 42. Rd1 Bb6 43. a4 Qa2 44. Rd2 Qa1 45. Bd1 Bc6 46. Qb2 Qxb2 47.
Rxb2 Bd4 48. Rd2 Bc3 49. Rd8+ Kg7 50. Bf3 Be1+ 51. Kg2 Bxa4 52. Bxb7 a5 53. Rd4
Bb4 54. Be4 Bb5 55. Rd1 e6 56. Ra1 h6 1-0

[Event "Internationaal Jeugdtoernooi Limburg 6"]
[Site "Venlo"]
[Date "2000.07.06"]
[Round "2"]
[White "Smeets, Jan"]
[Black "Heltzel, Joost"]
[Result "1-0"]
[WhiteElo "2264"]
[BlackElo "2079"]
[PlyCount "75"]
[EventDate "2000.07.06"]
[EventType "swiss"]
[EventRounds "7"]
[EventCountry "NED"]
[Source "P.Boonen"]
[SourceDate "2009.01.01"]

1. e4 c6 2. d4 d5 3. e5 c5 4. dxc5 Nc6 5. Nf3 Bg4 6. Bb5 e6 7. Be3 Qa5+ 8. Nc3
a6 9. Bxc6+ bxc6 10. O-O Bxc5 11. Bxc5 Qxc5 12. Qd4 Qxd4 13. Nxd4 Rc8 14. Na4
c5 15. Nb3 c4 16. Nbc5 Bf5 17. Nb7 Ke7 18. Nd6 Rd8 19. Nxf5+ exf5 20. Rad1 f4
21. Rfe1 g5 22. h4 Nh6 23. hxg5 Nf5 24. Nc5 h6 25. e6 hxg5 26. exf7+ Kxf7 27.
Ne6 Rd6 28. Nxg5+ Kf6 29. Nf3 Nh4 30. Nxh4 Rxh4 31. Rd4 Kf5 32. Red1 Ke5 33. g3
Rg4 34. c3 Rb6 35. R1d2 Rb5 36. Kg2 Rg8 37. Rxf4 Rgb8 38. Rfd4 1-0

[Event "Internationaal Jeugdtoernooi Limburg 6"]
[Site "Venlo"]
[Date "2000.07.06"]
[Round "2"]
[White "Snoeck, Rene"]
[Black "Van Delft, Merijn"]
[Result "1/2-1/2"]
[WhiteElo "1750"]
[BlackElo "2304"]
[PlyCount "118"]
[EventDate "2000.07.06"]
[EventType "swiss"]
[EventRounds "7"]
[EventCountry "NED"]
[Source "P.Boonen"]
[SourceDate "2009.01.01"]

1. d4 d5 2. c4 c6 3. cxd5 cxd5 4. Nc3 Nf6 5. Nf3 Nc6 6. Bf4 a6 7. e3 Bg4 8. Be2
e6 9. O-O Be7 10. h3 Bh5 11. Qb3 Na5 12. Qa4+ b5 13. Qc2 O-O 14. Ne5 Bxe2 15.
Qxe2 Qb6 16. Rac1 Rfc8 17. Nb1 Nc4 18. Rc2 Nxe5 19. Bxe5 Rc4 20. Bxf6 Bxf6 21.
b3 Rc6 22. Rfc1 Rac8 23. Qd2 Kf8 24. Rxc6 Rxc6 25. Rxc6 Qxc6 26. Qc3 Qxc3 27.
Nxc3 Ke8 28. Kf1 Kd7 29. Ke2 Kc6 30. Kd3 Be7 31. Nd1 f6 32. Kc3 e5 33. Nb2 e4
34. Nd1 f5 35. Nb2 g5 36. Nd1 Bd6 37. Nb2 Kb6 38. b4 h5 39. a3 h4 40. Nd1 a5
41. Kb3 axb4 42. axb4 g4 43. Nc3 Kc6 44. Ne2 Bh2 45. Nc3 Bg1 46. Nd1 g3 47.
fxg3 hxg3 48. Kc3 Kd6 49. Kd2 f4 50. Ke2 Ke6 51. Kf1 Bxe3 52. Nxe3 fxe3 53. Ke2
Kf5 54. Kxe3 Kg5 55. Kd2 Kf4 56. Ke2 Kg5 57. Ke3 Kf5 58. Kd2 Kf4 59. Ke2 Kg5
1/2-1/2

[Event "Internationaal Jeugdtoernooi Limburg 6"]
[Site "Venlo"]
[Date "2000.07.06"]
[Round "2"]
[White "Spronkmans, Stefan"]
[Black "Van Weersel, Arlette"]
[Result "0-1"]
[WhiteElo "1650"]
[BlackElo "1819"]
[PlyCount "166"]
[EventDate "2000.07.06"]
[EventType "swiss"]
[EventRounds "7"]
[EventCountry "NED"]
[Source "P.Boonen"]
[SourceDate "2009.01.01"]

1. e4 e5 2. Nf3 Nc6 3. d4 exd4 4. Nxd4 Qh4 5. Nc3 Bb4 6. Ndb5 Qxe4+ 7. Qe2
Qxe2+ 8. Bxe2 Kd8 9. Bf4 d6 10. O-O-O a6 11. Nd4 Nxd4 12. Rxd4 Bxc3 13. bxc3
Be6 14. Kb2 Ne7 15. Bf3 Rb8 16. Rhd1 Nc6 17. R4d2 Kd7 18. Be2 Rbd8 19. c4 Kc8
20. Rb1 Rhe8 21. Ka1 Ne7 22. c5 Ng6 23. Be3 dxc5 24. Bf3 b6 25. Rxd8+ Rxd8 26.
a4 a5 27. Kb2 Ne5 28. Be2 f6 29. Kc3 Ng4 30. Bxg4 Bxg4 31. f3 Bd7 32. Kb3 Re8
33. Re1 Bc6 34. Bf2 Rxe1 35. Bxe1 Bd5+ 36. Kc3 c6 37. Bf2 Kd7 38. Kd2 Bc4 39.
Kc3 Bf1 40. g3 Kd6 41. Be3 Kd5 42. Bf4 b5 43. Bc7 bxa4 44. Bxa5 Be2 45. Bd8
Bxf3 46. Be7 Be2 47. h4 f5 48. Bf8 g6 49. Kb2 Kc4 50. Bg7 Kd5 51. Bf8 c4 52.
Ka3 Bd1 53. Kxa4 Bxc2+ 54. Kb4 Bd3 55. Kc3 Ke4 56. Bh6 Kf3 57. Bf4 h6 58. Kd2
g5 59. hxg5 hxg5 60. Bxg5 Kxg3 61. Ke3 Kg2 62. Bf6 Be4 63. Be5 Kf1 64. Bc3 c5
65. Ba5 Kg2 66. Bc3 Kg3 67. Be5+ Kg4 68. Bc3 Bc2 69. Be5 Bb1 70. Bc3 f4+ 71.
Kf2 f3 72. Bd2 Bd3 73. Bc3 Kf4 74. Bg7 Ke4 75. Bf8 c3 76. Bxc5 c2 77. Be3 Be2
78. Ke1 Kd3 79. Bc1 Kc3 80. Kf2 Kb3 81. Ke3 Ka2 82. Kd2 Kb1 83. Ba3 Bd1 0-1

[Event "Internationaal Jeugdtoernooi Limburg 6"]
[Site "Venlo"]
[Date "2000.07.06"]
[Round "2"]
[White "Van Gemen, Felix"]
[Black "Simenon, Jozef"]
[Result "1/2-1/2"]
[WhiteElo "1803"]
[BlackElo "1650"]
[PlyCount "100"]
[EventDate "2000.07.06"]
[EventType "swiss"]
[EventRounds "7"]
[EventCountry "NED"]
[Source "P.Boonen"]
[SourceDate "2009.01.01"]

1. e4 c5 2. Nc3 e6 3. g3 d5 4. d3 Nf6 5. Bg2 b6 6. Bg5 Bb7 7. exd5 exd5 8. Qe2+
Be7 9. Bxf6 gxf6 10. Qh5 Na6 11. O-O-O Nc7 12. Nh3 Qd7 13. Nf4 Qd6 14. Nfxd5
Nxd5 15. Bxd5 Bxd5 16. Qxd5 Qxd5 17. Nxd5 Rd8 18. c4 Kd7 19. Rhe1 Rhe8 20. f4
Rc8 21. f5 Bd8 22. Rxe8 Kxe8 23. Re1+ Kf8 24. Re4 Rc6 25. Kc2 a6 26. h4 Bc7 27.
Ne7 Rd6 28. Nd5 Rc6 29. g4 Be5 30. g5 Kg7 31. h5 Bd4 32. h6+ Kf8 33. g6 fxg6
34. fxg6 hxg6 35. h7 Kg7 36. Ne7 Rd6 37. Rh4 Rd8 38. Nxg6 Kxg6 39. h8=Q Rxh8
40. Rxh8 f5 41. Rg8+ Kf6 42. b3 Ke5 43. Kd2 f4 44. Ke2 Kd6 45. Ra8 a5 46. Kf3
Be3 47. Rd8+ Ke5 48. Rb8 Kd4 49. Rxb6 Kxd3 50. Rb5 a4 1/2-1/2

[Event "Internationaal Jeugdtoernooi Limburg 6"]
[Site "Venlo"]
[Date "2000.07.06"]
[Round "2"]
[White "Van Gils, Philip"]
[Black "Den Heeten, Djurre"]
[Result "0-1"]
[WhiteElo "1726"]
[BlackElo "1894"]
[PlyCount "68"]
[EventDate "2000.07.06"]
[EventType "swiss"]
[EventRounds "7"]
[EventCountry "NED"]
[Source "P.Boonen"]
[SourceDate "2009.01.01"]

1. e4 d6 2. Nc3 Nf6 3. d4 Nbd7 4. Be3 c6 5. Be2 Qc7 6. Nf3 e5 7. h3 Be7 8. O-O
Nf8 9. Qd2 h6 10. Rfd1 g5 11. Nh2 Ng6 12. Rac1 Nf4 13. Bf3 Rg8 14. Ne2 h5 15.
Ng3 h4 16. Nf5 Bxf5 17. exf5 e4 18. Bg4 d5 19. Be2 Bd6 20. Ng4 Ke7 21. b3 Qd7
22. c4 Qxf5 23. Nh6 Qe6 24. Nxg8+ Rxg8 25. b4 Nxh3+ 26. Kf1 Nf4 27. Qb2 Bb8 28.
b5 Nxg2 29. Kxg2 h3+ 30. Kh1 Qd6 31. f4 gxf4 32. c5 Qc7 33. b6 axb6 34. Qxb6
Qxb6 0-1

[Event "Internationaal Jeugdtoernooi Limburg 6"]
[Site "Venlo"]
[Date "2000.07.06"]
[Round "2"]
[White "Van Run, Jan"]
[Black "Wortel, Marten"]
[Result "1/2-1/2"]
[WhiteElo "1910"]
[BlackElo "2256"]
[PlyCount "73"]
[EventDate "2000.07.06"]
[EventType "swiss"]
[EventRounds "7"]
[EventCountry "NED"]
[Source "P.Boonen"]
[SourceDate "2009.01.01"]

1. b3 e5 2. Bb2 Nc6 3. c4 Nf6 4. e3 d5 5. cxd5 Nxd5 6. Nc3 Be6 7. Bb5 Qd7 8.
Nf3 f6 9. O-O O-O-O 10. d4 Nxc3 11. Bxc3 e4 12. Nd2 Bd5 13. Rc1 Kb8 14. Qc2 a6
15. Bxc6 Qxc6 16. Ba5 Qxc2 17. Rxc2 b6 18. Bc3 Kb7 19. Rfc1 a5 20. Bb2 c6 21.
Nc4 a4 22. bxa4 Ra8 23. a5 bxa5 24. Ba3 Bxa3 25. Nxa3 Rhb8 26. Nc4 Ka6 27. Nd2
Rb4 28. a3 Rb5 29. g3 Rab8 30. Kg2 g5 31. Kg1 Rb2 32. Kf1 h5 33. Kg2 R2b7 34.
Rc5 Rh7 35. Nc4 Rb5 36. Nd6 Rb3 37. Nc4 1/2-1/2

[Event "Internationaal Jeugdtoernooi Limburg 6"]
[Site "Venlo"]
[Date "2000.07.06"]
[Round "2"]
[White "Van den Berg, Hilke"]
[Black "Schreiber, Christophe"]
[Result "1-0"]
[WhiteElo "1949"]
[BlackElo "2111"]
[PlyCount "89"]
[EventDate "2000.07.06"]
[EventType "swiss"]
[EventRounds "7"]
[EventCountry "NED"]
[Source "P.Boonen"]
[SourceDate "2009.01.01"]

1. e4 d6 2. d4 Nf6 3. Nc3 g6 4. g3 Bg7 5. Bg2 Na6 6. Nge2 c5 7. O-O cxd4 8.
Nxd4 O-O 9. h3 Nc5 10. Be3 a6 11. a4 Qc7 12. Qd2 Rb8 13. Rfe1 b6 14. Bh6 Ne6
15. Bxg7 Kxg7 16. Nd5 Nxd5 17. exd5 Nxd4 18. Qxd4+ Kg8 19. Re2 Qc5 20. Qd2 Rb7
21. Rae1 Rc7 22. c3 e5 23. dxe6 Bxe6 24. Re4 Bd5 25. Rd4 Bxg2 26. Kxg2 Qc6+ 27.
Kh2 Rb8 28. Rxd6 Qc5 29. Qd4 a5 30. Rxb6 Qxb6 31. Re8+ Rxe8 32. Qxb6 Rce7 33.
b4 axb4 34. cxb4 Re2 35. Kg2 R8e3 36. Qb8+ Re8 37. Qa7 R8e7 38. Qa5 h5 39. h4
R7e5 40. b5 Rf5 41. Qd8+ Kh7 42. Qd4 Rfe5 43. b6 R2e4 44. Qd7 Re6 45. Qb5 1-0

[Event "Internationaal Jeugdtoernooi Limburg 6"]
[Site "Venlo"]
[Date "2000.07.06"]
[Round "2"]
[White "Verwer, Sicco"]
[Black "Clevers, Egbert"]
[Result "1-0"]
[WhiteElo "1800"]
[BlackElo "1500"]
[PlyCount "27"]
[EventDate "2000.07.06"]
[EventType "swiss"]
[EventRounds "7"]
[EventCountry "NED"]
[Source "P.Boonen"]
[SourceDate "2009.01.01"]

1. e4 e5 2. Nf3 Nc6 3. Bc4 Nf6 4. d4 exd4 5. O-O Bc5 6. e5 Ng4 7. c3 dxc3 8.
Qd5 Qe7 9. Bg5 Bxf2+ 10. Rxf2 f6 11. exf6 Qe6 12. fxg7 Nxf2 13. gxh8=Q+ Kf7 14.
Qf5# 1-0

[Event "Internationaal Jeugdtoernooi Limburg 6"]
[Site "Venlo"]
[Date "2000.07.06"]
[Round "2"]
[White "Vink, Nico"]
[Black "Tan, Kevin"]
[Result "1-0"]
[WhiteElo "2234"]
[BlackElo "1996"]
[PlyCount "121"]
[EventDate "2000.07.06"]
[EventType "swiss"]
[EventRounds "7"]
[EventCountry "NED"]
[Source "P.Boonen"]
[SourceDate "2009.01.01"]

1. e4 Nf6 2. e5 Nd5 3. d4 d6 4. Nf3 g6 5. Be2 Bg7 6. exd6 cxd6 7. O-O O-O 8.
Re1 Nc6 9. c3 h6 10. Nbd2 e5 11. Ne4 exd4 12. Nxd4 Nxd4 13. cxd4 Be6 14. Bf3
Qb6 15. Re2 Rac8 16. Be3 Rfe8 17. Qd2 Nxe3 18. fxe3 Bc4 19. Rf2 Kh7 20. g3 Rc7
21. Nc3 Rce7 22. Bd5 Qc7 23. b3 Ba6 24. Bg2 Rd7 25. Nd5 Qd8 26. h4 h5 27. Kh2
Bb5 28. Qc2 Bc6 29. Raf1 Bxd5 30. Bxd5 Qc7 31. Qd3 Ree7 32. g4 hxg4 33. h5 Qa5
34. Rxf7 Rxf7 35. hxg6+ Kh8 36. gxf7 Qxd5 37. Rf5 g3+ 38. Kxg3 Qh1 39. Qb5 Qg1+
40. Kf3 Qd1+ 41. Kg2 Qc2+ 42. Kg3 Rxf7 43. Qe8+ Rf8 44. Rxf8+ Bxf8 45. Qxf8+
Kh7 46. Qe7+ Kh8 47. Qxd6 Qxa2 48. Qb8+ Kg7 49. Qxb7+ Kg8 50. d5 Qa1 51. Qc8+
Kh7 52. Qd7+ Kg8 53. Qg4+ Kh7 54. Kf4 Qc3 55. Qh5+ Kg8 56. Qe8+ Kh7 57. Qe7+
Kg6 58. d6 Qxb3 59. d7 Qb8+ 60. Kg4 Qh2 61. Qe4+ 1-0

[Event "Internationaal Jeugdtoernooi Limburg 6"]
[Site "Venlo"]
[Date "2000.07.07"]
[Round "3"]
[White "Amesz, Jaap"]
[Black "L'Ami, Erwin"]
[Result "1-0"]
[WhiteElo "2181"]
[BlackElo "2189"]
[PlyCount "93"]
[EventDate "2000.07.06"]
[EventType "swiss"]
[EventRounds "7"]
[EventCountry "NED"]
[Source "P.Boonen"]
[SourceDate "2009.01.01"]

1. e4 c5 2. Nf3 d6 3. d4 cxd4 4. Nxd4 Nf6 5. Nc3 a6 6. Bc4 e6 7. Bb3 Qc7 8. O-O
Be7 9. Qf3 Nc6 10. Nxc6 Qxc6 11. Qg3 b5 12. Re1 Bb7 13. Qxg7 Rg8 14. Qh6 O-O-O
15. Qh3 b4 16. Nd5 Nxd5 17. exd5 Qb5 18. a4 Qa5 19. Rd1 Kb8 20. Qxh7 e5 21.
Qxf7 Qc7 22. Be3 Rdf8 23. Qh7 Bc8 24. Qe4 Qb7 25. Kf1 Rg4 26. Qd3 Bh4 27. Qe2
Bg5 28. Bxg5 Rxg5 29. Rd2 Rf4 30. Qe3 Qg7 31. f3 Kb7 32. a5 Qc7 33. Kf2 Qd8 34.
Ba4 Rgf5 35. Bc6+ Kb8 36. Kg1 Rg5 37. Qb6+ Qxb6+ 38. axb6 Rxf3 39. Rf1 e4 40.
h4 Rg8 41. Rxf3 exf3 42. Kh2 fxg2 43. Rxg2 Rh8 44. Kg3 Rg8+ 45. Kf2 Rh8 46. Rg7
Rf8+ 47. Ke3 1-0

[Event "Internationaal Jeugdtoernooi Limburg 6"]
[Site "Venlo"]
[Date "2000.07.07"]
[Round "3"]
[White "Bensdorp, Laura"]
[Black "Spronkmans, Stefan"]
[Result "1-0"]
[WhiteElo "1674"]
[BlackElo "1650"]
[PlyCount "55"]
[EventDate "2000.07.06"]
[EventType "swiss"]
[EventRounds "7"]
[EventCountry "NED"]
[Source "P.Boonen"]
[SourceDate "2009.01.01"]

1. e4 c5 2. Nf3 d6 3. d4 cxd4 4. Nxd4 Nf6 5. Nc3 g6 6. Be3 Bg7 7. f3 O-O 8. Qd2
Nc6 9. Bc4 a6 10. Bb3 Qc7 11. O-O-O Na5 12. g4 Nc4 13. Bxc4 Qxc4 14. h4 h5 15.
gxh5 Nxh5 16. Kb1 Be6 17. f4 b5 18. b3 Qc8 19. f5 gxf5 20. exf5 Bxf5 21. Nd5
Re8 22. Nb6 Qc5 23. Nxf5 Qxf5 24. Nxa8 Rxa8 25. Rhg1 Kh8 26. Rg5 Qf3 27. Qd3
Nf6 28. Rxg7 1-0

[Event "Internationaal Jeugdtoernooi Limburg 6"]
[Site "Venlo"]
[Date "2000.07.07"]
[Round "3"]
[White "Dambacher, Martijn"]
[Black "Den Heeten, Djurre"]
[Result "1-0"]
[WhiteElo "2290"]
[BlackElo "1894"]
[PlyCount "67"]
[EventDate "2000.07.06"]
[EventType "swiss"]
[EventRounds "7"]
[EventCountry "NED"]
[Source "P.Boonen"]
[SourceDate "2009.01.01"]

1. e4 d6 2. d4 Nf6 3. Nc3 Nbd7 4. g3 c6 5. Bg2 Qc7 6. a4 e5 7. Nge2 h5 8. h3
Be7 9. O-O Nf8 10. Be3 Bd7 11. a5 Ne6 12. f4 Rg8 13. f5 Nf8 14. Qe1 g6 15. Nc1
gxf5 16. dxe5 Nxe4 17. Nxe4 fxe4 18. Qf2 Be6 19. Bxe4 d5 20. Bg2 Qxe5 21. Ne2
h4 22. Bd4 Qh5 23. g4 Qh7 24. Nf4 Bd6 25. Rae1 Kd7 26. c4 Ng6 27. Nh5 Qh6 28.
cxd5 cxd5 29. Nf6+ Ke7 30. Nxg8+ Rxg8 31. Qxf7+ Kd8 32. Rxe6 Nf4 33. Rxh6 Ne2+
34. Kf2 1-0

[Event "Internationaal Jeugdtoernooi Limburg 6"]
[Site "Venlo"]
[Date "2000.07.07"]
[Round "3"]
[White "Erwich, Frank AS"]
[Black "Koster, Ramon"]
[Result "1-0"]
[WhiteElo "2299"]
[BlackElo "2106"]
[PlyCount "45"]
[EventDate "2000.07.06"]
[EventType "swiss"]
[EventRounds "7"]
[EventCountry "NED"]
[Source "P.Boonen"]
[SourceDate "2009.01.01"]

1. e4 d5 2. exd5 Qxd5 3. Nc3 Qa5 4. d4 Nf6 5. Nf3 c6 6. Bc4 Bf5 7. Bd2 e6 8.
Nd5 Qd8 9. Nxf6+ Qxf6 10. Qe2 Qd8 11. O-O-O Be7 12. Ne5 Qxd4 13. g4 Bg6 14. h4
Bf6 15. Bg5 Qe4 16. Qd2 O-O 17. Rde1 Rd8 18. Rxe4 Rxd2 19. Nxg6 Rd4 20. Rxd4
Bxd4 21. Rd1 Bb6 22. Ne7+ Kf8 23. Nc8 1-0

[Event "Internationaal Jeugdtoernooi Limburg 6"]
[Site "Venlo"]
[Date "2000.07.07"]
[Round "3"]
[White "Erwich, Marc JL"]
[Black "Smeets, Jan"]
[Result "1/2-1/2"]
[WhiteElo "2180"]
[BlackElo "2264"]
[PlyCount "85"]
[EventDate "2000.07.06"]
[EventType "swiss"]
[EventRounds "7"]
[EventCountry "NED"]
[Source "P.Boonen"]
[SourceDate "2009.01.01"]

1. e4 c5 2. Nf3 d6 3. d4 cxd4 4. Nxd4 Nf6 5. Nc3 e6 6. Be2 Be7 7. O-O a6 8. a4
O-O 9. Be3 Qc7 10. f4 Nc6 11. Nb3 b6 12. Bf3 Bb7 13. g4 Rfe8 14. Bg2 Nd7 15. g5
Nc5 16. Nxc5 dxc5 17. Qg4 Nd4 18. Rf2 b5 19. Raf1 Bf8 20. h4 Bc8 21. axb5 axb5
22. h5 b4 23. Nb1 Qb7 24. c3 Nb5 25. cxb4 cxb4 26. Nd2 Rd8 27. g6 hxg6 28. hxg6
fxg6 29. Qxg6 Qf7 30. Qxf7+ Kxf7 31. Nc4 Bb7 32. Bf3 Kg8 33. Ne5 Nd6 34. Bb6
Rdb8 35. Nd7 Rc8 36. e5 Bxf3 37. exd6 Bd5 38. Nxf8 Rxf8 39. d7 Rab8 40. Bc7
Rbd8 41. Bxd8 Rxd8 42. f5 Rxd7 43. Rd1 1/2-1/2

[Event "Internationaal Jeugdtoernooi Limburg 6"]
[Site "Venlo"]
[Date "2000.07.07"]
[Round "3"]
[White "Heltzel, Joost"]
[Black "Plukkel, Sjoerd"]
[Result "1-0"]
[WhiteElo "2079"]
[BlackElo "1976"]
[PlyCount "80"]
[EventDate "2000.07.06"]
[EventType "swiss"]
[EventRounds "7"]
[EventCountry "NED"]
[Source "P.Boonen"]
[SourceDate "2009.01.01"]

1. Nf3 c5 2. g3 g6 3. Bg2 Bg7 4. O-O Nc6 5. d3 e6 6. Nbd2 Nge7 7. a3 O-O 8. Rb1
b6 9. b4 Nd5 10. Rb3 cxb4 11. axb4 Ncxb4 12. Nb1 Nc6 13. Bd2 Rb8 14. h4 Nf6 15.
e4 d6 16. Qc1 e5 17. Bg5 Bg4 18. Ra3 Qd7 19. c4 Bxf3 20. Bxf3 Nd4 21. Bd1 a5
22. Kg2 h5 23. Nc3 Ne6 24. Bd2 Kh7 25. Be3 Nc5 26. Be2 Ng4 27. Nd5 f5 28. exf5
Qxf5 29. Bxc5 dxc5 30. Qg5 Nh6 31. Rb3 Bf6 32. Qxf5 Nxf5 33. Rxb6 Rxb6 34. Nxb6
Nd4 35. Bd1 Rd8 36. Ba4 Nf5 37. Nd7 Kg7 38. Nxc5 Rc8 39. Nd7 Rd8 40. Nc5 Rb8
1-0

[Event "Internationaal Jeugdtoernooi Limburg 6"]
[Site "Venlo"]
[Date "2000.07.07"]
[Round "3"]
[White "Hendriks, Victor"]
[Black "Hansen, Herve"]
[Result "1-0"]
[WhiteElo "1961"]
[BlackElo "1920"]
[PlyCount "47"]
[EventDate "2000.07.06"]
[EventType "swiss"]
[EventRounds "7"]
[EventCountry "NED"]
[Source "P.Boonen"]
[SourceDate "2009.01.01"]

1. Nc3 c5 2. Nf3 Nc6 3. d4 cxd4 4. Nxd4 d6 5. g3 Qb6 6. Ndb5 a6 7. Nd5 Qxb5 8.
Nc7+ Kd8 9. Nxb5 axb5 10. Bg2 Bf5 11. e4 Be6 12. O-O Nf6 13. Be3 g6 14. c3 Bg7
15. Re1 Nd7 16. f4 Kc7 17. Bd4 Nxd4 18. cxd4 Bxa2 19. e5 Bc4 20. Rxa8 Rxa8 21.
b3 Be6 22. Qf3 d5 23. Rc1+ Kd8 24. Qc3 1-0

[Event "Internationaal Jeugdtoernooi Limburg 6"]
[Site "Venlo"]
[Date "2000.07.07"]
[Round "3"]
[White "Ris, Robert"]
[Black "Van Gemen, Felix"]
[Result "1-0"]
[WhiteElo "1750"]
[BlackElo "1803"]
[PlyCount "28"]
[EventDate "2000.07.06"]
[EventType "swiss"]
[EventRounds "7"]
[EventCountry "NED"]
[Source "P.Boonen"]
[SourceDate "2009.01.01"]

1. e4 e6 2. d4 d5 3. Nc3 Bb4 4. e5 c5 5. a3 Bxc3+ 6. bxc3 Qc7 7. Nf3 Bd7 8. Bd3
Ba4 9. O-O c4 10. Be2 h6 11. Be3 Nd7 12. Rb1 O-O-O 13. Nd2 Ne7 14. Rb4 Qc6 1-0

[Event "Internationaal Jeugdtoernooi Limburg 6"]
[Site "Venlo"]
[Date "2000.07.07"]
[Round "3"]
[White "Schilperoort, Jeroen"]
[Black "Van Gils, Philip"]
[Result "1-0"]
[WhiteElo "1851"]
[BlackElo "1726"]
[PlyCount "75"]
[EventDate "2000.07.06"]
[EventType "swiss"]
[EventRounds "7"]
[EventCountry "NED"]
[Source "P.Boonen"]
[SourceDate "2009.01.01"]

1. e4 c5 2. c3 e6 3. d4 cxd4 4. cxd4 d5 5. e5 Nc6 6. Nf3 Bd7 7. Nc3 a6 8. Bd3
g6 9. O-O b5 10. Be3 Bg7 11. Rc1 Nge7 12. Re1 Qb6 13. Bb1 Rc8 14. Re2 Na5 15.
b3 b4 16. Na4 Bxa4 17. bxa4 Nc4 18. Bg5 Nc6 19. Kh1 h6 20. Be3 Nxe3 21. fxe3
O-O 22. h4 Na5 23. Rxc8 Rxc8 24. h5 g5 25. Qd3 g4 26. Nh4 Rc1+ 27. Kh2 g3+ 28.
Kxg3 f5 29. exf6 Qc7+ 30. Kf3 Rf1+ 31. Rf2 Rxb1 32. Qxb1 Qf7 33. Qg6 Qxf6+ 34.
Qxf6 Bxf6 35. Ng6 Nc4 36. Ke2 Bg5 37. Nf4 Nb6 38. a5 1-0

[Event "Internationaal Jeugdtoernooi Limburg 6"]
[Site "Venlo"]
[Date "2000.07.07"]
[Round "3"]
[White "Simenon, Jozef"]
[Black "Holtackers, Daan"]
[Result "0-1"]
[WhiteElo "1650"]
[BlackElo "1850"]
[PlyCount "64"]
[EventDate "2000.07.06"]
[EventType "swiss"]
[EventRounds "7"]
[EventCountry "NED"]
[Source "P.Boonen"]
[SourceDate "2009.01.01"]

1. e4 c5 2. Nf3 e6 3. d4 cxd4 4. Nxd4 Nf6 5. Nc3 d6 6. Be2 Be7 7. O-O Nc6 8.
Be3 O-O 9. Qd2 a6 10. Rad1 Bd7 11. a4 Rc8 12. Nb3 Qc7 13. Bf4 Ne5 14. f3 Rfd8
15. Be3 b5 16. axb5 axb5 17. Nd4 Nc4 18. Bxc4 Qxc4 19. Rc1 b4 20. Nce2 e5 21.
Nb3 d5 22. Bb6 Re8 23. exd5 Nxd5 24. Bf2 Bf5 25. Na1 Red8 26. b3 Qb5 27. Qe1
Bg5 28. Rd1 Bxc2 29. Nxc2 Rxc2 30. Ng3 Nc3 31. Rxd8+ Bxd8 32. Ne4 Ne2+ 0-1